header

Revolution and pedagogy (Record no. 187604)

MARC details
000 -LEADER
fixed length control field 01561nam a2200349Ia 4500
082 04 - DEWEY DECIMAL CLASSIFICATION NUMBER
Classification number 370.11/5
245 00 - TITLE STATEMENT
Title Revolution and pedagogy
250 ## - EDITION STATEMENT
Edition statement 1st ed.
260 ## - PUBLICATION, DISTRIBUTION, ETC. (IMPRINT)
Place of publication New York :
Name of publisher Palgrave Macmillan,
Year of publication 2005.
300 ## - PHYSICAL DESCRIPTION
Number of Pages vi, 229 p.
500 ## - GENERAL NOTE
General note "The conference from which this collection of essays derives, Revolution and Pedagogy: Interdisciplinary Perspectives on Change, was convened at the Ohio State University, Columbus, Ohio, April 18-20, 2002"--Acknowledgements.
650 #0 - SUBJECT ADDED ENTRY--TOPICAL TERM
Topical Term Critical pedagogy
Topical Term Education and state
Topical Term Social justice
700 1# - ADDED ENTRY--PERSONAL NAME
Personal name Ewing, E. Thomas,
856 40 - ELECTRONIC LOCATION AND ACCESS
Uniform Resource Identifier http://site.ebrary.com/lib/rucke/Doc?id=10135446

No items available.

© 2026 Rongo University
Contact us: librarian | system librarian | Rongo university